Obchodné centrum - Montovaná železobetónová konštrukcia

Saved in:
Bibliographic Details
Main Author: Babuliak, Jozef (Author)
Other Authors: Sonnenschein, Róbert (Thesis advisor)
Format: Manuscript Book
Language:Slovak
Published: 2017
Subjects:
Online Access:http://is.stuba.sk/zp/portal_zp.pl?podrobnosti=124521
https://opac.crzp.sk/?fn=detailBiblioForm&sid=4CB0668AE2C8F277BDA4A8AC843C
Tags: Add Tag
No Tags, Be the first to tag this record!

MARC

LEADER 00000ntm a22000003a 4500
001 stuzp63342
003 SK-STU
005 20230721110551.2
007 ta
008 150427s2015----xo-----f-mn---000-0-slo-d
040 |a STU  |b slo 
041 0 |a slo 
100 1 |a Babuliak, Jozef  |u 010110  |4 aut  |U SvF Stavebná fakulta  |T SvF Katedra betónových konštrukcií a mostov  |X 9311  |U V110  |Y 11  |7 9311 
242 0 1 |a Shopping Center - Precast Reinforced Concrete Structure  |y eng 
245 1 0 |a Obchodné centrum - Montovaná železobetónová konštrukcia 
260 |c 2017 
650 4 |a montovaná konštrukcia  |2 slo 
650 4 |a statický výpočet  |2 slo 
650 4 |a návrh  |2 slo 
650 4 |a precast construction  |2 eng 
650 4 |a static calculation  |2 eng 
650 4 |a design  |2 eng 
700 1 |a Sonnenschein, Róbert  |u 010110  |k Z8  |4 ths  |U SvF Stavebná fakulta  |T SvF Katedra betónových konštrukcií a mostov  |X 28824  |U V110  |Y 11  |7 A000028824 
856 4 |u http://is.stuba.sk/zp/portal_zp.pl?podrobnosti=124521 
856 4 |u https://opac.crzp.sk/?fn=detailBiblioForm&sid=4CB0668AE2C8F277BDA4A8AC843C